000
00333 a2200145 4500
001
162932
020
_a
040
_c
Magnum
100
_a
Nascimento, Ana Lucia
240
1
0
_a
Hiv, aids o que e isso gente ?
_l
por
245
1
0
_a
Hiv, aids o que e isso gente ?
362
0
_a
1899
697
_a
CIENCIAS MEDICAS SAUDE
942
_c
BK
999
_c
162932
_d
162932